000 01098nam a2200229Ia 4500
999 _c37711
_d37711
001 3686
003 GE_BSU
005 20190524181758.0
008 181216s1983||||ge |||||||||||||| ||geo||
040 _cGE_BSU
041 _ageo
080 _a519.21(072) ა-45
245 _aალბათობის თეორია და მათემატიკური სტატისტიკის ამოცანათა კრებული : დამხ.სახელმძღ. /
_cა.ცივაძე ; თ.ყიფიანი ; გ.მირზაშვილი და სხვ.
264 _aთბილისი :
_bსპი,
_c1983.
300 _a86 გვ .:
_c20 სმ.
653 _aალბათობის თეორია და მათემატიკური სტატისტიკა
653 _aმათემატიკური სტატისტიკა
700 _aცივაძე, ა
_91604
700 _aყიფიანი, თ
_91605
700 _aმირზაშვილი, გ
_91606
942 _cBK
_2udc